logo

Bir Sreshtho Munshi Abdur Rouf Library
Jhenaidah Cadet College

Bangladesh national building code / (Record no. 13129)

MARC details
000 -LEADER
fixed length control field 00641nam a2200217 a 4500
001 - CONTROL NUMBER
JCCL Control Number 13129
003 - CONTROL NUMBER IDENTIFIER
JCCL marc code BD-JhCC
005 - DATE AND TIME OF LATEST TRANSACTION
control field 20230711103414.0
008 - FIXED-LENGTH DATA ELEMENTS--GENERAL INFORMATION
fixed length control field 230711s2020 bg |||| |||| 000 0 eng d
035 ## - SYSTEM CONTROL NUMBER
system control number (BD-JhCC)13129
040 ## - CATALOGING SOURCE
Original cataloging agency BD-JhCC
Modifying agency BD-JhCC
041 ## - LANGUAGE CODE
Language code of Book eng
082 ## - DEWEY DECIMAL CLASSIFICATION NUMBER
Classification number 690
Author mark and Year BNB 2020
110 ## - MAIN ENTRY--CORPORATE NAME
Relator code Bangladesh National Building Code
245 ## - TITLE STATEMENT
Title Bangladesh national building code /
Statement of responsibility, etc Bangladesh National Building Code
260 ## - PUBLICATION, DISTRIBUTION, ETC. (IMPRINT)
Place of publication, distribution, etc Dhaka :
Name of publisher, distributor, etc Bangladesh national building code,
Date of publication, distribution, etc 2020
300 ## - PHYSICAL DESCRIPTION
Pagination Volume 1.3
Dimensions 25 cm.
650 ## - SUBJECT ADDED ENTRY--TOPICAL TERM
Topical term or geographic name as entry element Building--Details
650 ## - SUBJECT ADDED ENTRY--TOPICAL TERM
Topical term or geographic name as entry element Building--Details--Drawings--Standards
942 ## - ADDED ENTRY ELEMENTS (KOHA)
Source of classification or shelving scheme Dewey Decimal Classification
Koha item type Reference
Holdings
Source of classification or shelving scheme volume number Damaged status Not for loan Home library Current library Shelving location Date of accession Total Checkouts Full call number Barcode Date last seen Copy number Method of acquisition Koha item type Currency
Dewey Decimal Classification V-1     JCC Rouf Library JCC Rouf Library General Stacks 06/23/2023   690 BNB 2020 18152 07/11/2023 C-1 Purchase Reference BDT
Dewey Decimal Classification V-2     JCC Rouf Library JCC Rouf Library General Stacks 06/23/2023   690 BNB 2020 18153 07/11/2023 C-1 Purchase Reference BDT
Dewey Decimal Classification V-3     JCC Rouf Library JCC Rouf Library General Stacks 06/23/2023   690 BNB 2020 18154 07/11/2023 C-1 Purchase Reference BDT

JCC Library | Contacts | JCC Home

Last Update on 23 September 2017
Copyright @ 2017-2020 JCC Rouf Library
Rouf Library, Jhenidah Cadet College (JCC), Bangladesh